European adventurers of northern India, 1785 to 1849. (Record no. 329025)
[ view plain ]
| 000 -LEADER | |
|---|---|
| fixed length control field | 01082cam a22002891 4500 |
| 001 - CONTROL NUMBER | |
| control field | 7814107 |
| 003 - CONTROL NUMBER IDENTIFIER | |
| control field | Nust |
| 005 - DATE AND TIME OF LATEST TRANSACTION | |
| control field | 20170420162656.0 |
| 008 - FIXED-LENGTH DATA ELEMENTS--GENERAL INFORMATION | |
| fixed length control field | 790518s1929 xx 000 0 eng |
| 010 ## - LIBRARY OF CONGRESS CONTROL NUMBER | |
| LC control number | 31021561 |
| 035 ## - SYSTEM CONTROL NUMBER | |
| System control number | (OCoLC)4981119 |
| 040 ## - CATALOGING SOURCE | |
| Original cataloging agency | DLC |
| Transcribing agency | OCl |
| Modifying agency | OCoLC |
| -- | DLC |
| 042 ## - AUTHENTICATION CODE | |
| Authentication code | premarc |
| 050 00 - LIBRARY OF CONGRESS CALL NUMBER | |
| Classification number | DS464 |
| Item number | .G7 |
| 082 ## - DEWEY DECIMAL CLASSIFICATION NUMBER | |
| Classification number | 954 |
| Author Mark | GRE |
| 100 1# - MAIN ENTRY--PERSONAL NAME | |
| Personal name | Grey, C. |
| 245 10 - TITLE STATEMENT | |
| Title | European adventurers of northern India, 1785 to 1849. |
| Statement of responsibility, etc. | By C. Grey. Edited by H. L. O. Garrett. |
| 260 ## - PUBLICATION, DISTRIBUTION, ETC. | |
| Place of publication, distribution, etc. | Lahore, |
| Name of publisher, distributor, etc. | Printed by the superintendent, Government printing, Punjab, |
| Date of publication, distribution, etc. | 1929. |
| 300 ## - PHYSICAL DESCRIPTION | |
| Extent | 2 p. l., ii, iii p., 1 l., 361, xlviii, xii p. |
| Other physical details | front., plates, ports. |
| Dimensions | 26 cm. |
| 504 ## - BIBLIOGRAPHY, ETC. NOTE | |
| Bibliography, etc. note | Bibliography: p. [iii]-iv at end. |
| 650 #0 - SUBJECT ADDED ENTRY--TOPICAL TERM | |
| Topical term or geographic name entry element | Adventure and adventurers. |
| 651 #0 - SUBJECT ADDED ENTRY--GEOGRAPHIC NAME | |
| Geographic name | India |
| General subdivision | History, Military. |
| 651 #0 - SUBJECT ADDED ENTRY--GEOGRAPHIC NAME | |
| Geographic name | India |
| General subdivision | History |
| Chronological subdivision | British occupation, 1765-1947. |
| 700 1# - ADDED ENTRY--PERSONAL NAME | |
| Personal name | Garrett, H. L. O. |
| Fuller form of name | (Herbert Leonard Offley), |
| Dates associated with a name | 1881-1941, |
| Relator term | ed. |
| 906 ## - LOCAL DATA ELEMENT F, LDF (RLIN) | |
| a | 7 |
| b | cbc |
| c | oclcrpl |
| d | u |
| e | ncip |
| f | 19 |
| g | y-gencatlg |
| 942 ## - ADDED ENTRY ELEMENTS (KOHA) | |
| Source of classification or shelving scheme | |
| Koha item type | Book |
| Withdrawn status | Lost status | Source of classification or shelving scheme | Damaged status | Not for loan | Permanent Location | Current Location | Date acquired | Total Checkouts | Full call number | Barcode | Date last seen | Price effective from | Koha item type |
|---|---|---|---|---|---|---|---|---|---|---|---|---|---|
| School of Civil and Environmental Engineering (SCEE) | School of Civil and Environmental Engineering (SCEE) | 04/20/2017 | 954 GRE | NIT-9094 | 04/20/2017 | 04/20/2017 | Book |
